000
00291nam a22001337a 4500
008
181001b xxu||||| |||| 00| 0 eng d
020
_a
9780072424584
041
_a
eng
080
_2
5th
_a
541
100
_a
12
101
_a
KIM
245
_a
Organic Chemistry
_c
Carey,F.A
942
_2
udc
_c
BK
999
_c
48740
_d
48740